| 000 | 00661nam a2200193Ia 4500 | ||
|---|---|---|---|
| 008 | 151121s9999||||xx |||||||||||||| ||und|| | ||
| 082 | _a133।2/पै | ||
| 082 | _bHNW-69906 | ||
| 100 | _aपै आणि पै | ||
| 245 | _aमनोश्रम व त्यावरील उपाय | ||
| 260 | _b"सुयोग प्रकाशन, पुणे।" | ||
| 260 | _c-- | ||
| 300 | _a84 | ||
| 600 | _aपै आणि पै | ||
| 630 | _aमनोश्रम व त्यावरील उपाय | ||
| 700 | _aपै आणि पै | ||
| 730 | _aमनोश्रम व त्यावरील उपाय | ||
| 942 | _cBOOK | ||
| 999 |
_c1251386 _d1251383 |
||